Jozef Mandelík

Bibliographic Details
Main Author: -er- (Author)
Format: Article
Language:Slovak
PhysicalDescription:Obr. 1.
Subjects:

MARC

LEADER 00000nab a2200000 a 4500
001 vtls000232355
003 SK-MaSNL
005 20260304053339.0
008 250422c1985 xo 0 slo
015 |a SNBRB19rr/mm-uuuuu 
035 |a CL0242469 
035 |a urn:nbn:sk:snk-ab7kpt 
035 |a (urnnbn)urn:nbn:sk:snk:ar-0067d0 
035 |a (uuid)bef9de05-02f6-4fac-bded-69f278573ad8 
040 |a SNKBUCL  |b slo  |c SNKBUCL  |e AACR2 
041 0 |a slo 
044 |a xo  |c SK 
080 |a 798.2.071  |2 1981 
080 |a 636.13.082  |2 1981 
080 |a 929 Mandelík, Jozef  |2 1981 
100 1 |a -er-  |4 aut  |9 925384 
245 1 0 |a Jozef Mandelík  |c -er- 
300 |b Obr. 1. 
650 0 7 |a Mandelík, Jozef  |2 snkbucl  |9 1337465 
655 7 |a články z novín a časopisov  |2 snkbucl  |9 267496 
773 0 |t Jazdectvo  |g Roč. 33, č. 2 (1985), s. 219 
850 |a Slovenská národná knižnica 
852 |a Slovenská národná knižnica 
954 |a odborná, vedecká literatúra pôvodná (slovenská)  |2 lita 
958 |a article7 
958 |a OND 
958 |a BX 
958 |a RK 
958 |a EUIPO 
992 |a RBX 
999 |c 2712949  |d 2714879